The narcotizing of Costa Rican Politics/
Uloženo v:
| Hlavní autor: | |
|---|---|
| Médium: | Kniha |
| Tagy: |
Přidat tag
Žádné tagy, Buďte první, kdo vytvoří štítek k tomuto záznamu!
|
MARC
| LEADER | 00000nam a22000007a 4500 | ||
|---|---|---|---|
| 003 | cru CIDCACS/IIS | ||
| 005 | 20191212153114.0 | ||
| 007 | ta | ||
| 008 | 191212t2004 -us |||||r||||||0| ||eng|d | ||
| 999 | |c 42769 |d 42769 | ||
| 040 | |c cru CIDCACS/IIS | ||
| 090 | |a CR.01.04.03 C838c | ||
| 100 | 1 | |9 7037 |a Muñoz Guillén, Mercedes | |
| 245 | 1 | 4 | |a The narcotizing of Costa Rican Politics/ |c Mercedes Muñoz Guillén |
| 300 | |a páginas 342-343 | ||
| 773 | 0 | |0 42764 |9 4122 |a Palmer, Steven Paul |d Durham, California del Norte: Duke University Press, 2004 |o 02910 |t The Costa Rica reader: |x 0822333724 | |
| 942 | |2 ddc |c LI | ||
